Statistics for Biggest 20 Countries by Population 1500

Click here to take the quiz!

General Stats

  • This quiz has been taken 64 times
  • The average score is 9 of 20

Answer Stats

PopulationCountry% Correct
8.000.000Japan
86%
8.550.000Spain
84%
11.000.000Ottoman Empire
84%
16.250.000France
80%
3.000.000Portugal
75%
2.750.000England
63%
16.000.000Holy Roman Empire
61%
125.000.000Ming
57%
8.000.000Korea
48%
12.000.000Inca
46%
4.000.000Hungary
38%
7.500.000Poland-Lithuania
30%
1.500.000Venice
29%
2.000.000Papal States
27%
2.000.000Naples
27%
6.000.000Aztec Empire
20%
4.867.000Mamluks
9%
16.000.000Vijayanagar
7%
3.835.000Dai Viet
4%
1.690.000Kalmar Union
4%

Score Distribution

Percentile by Number Answered

Percent of People with Each Score

Your Score History

You have not taken this quiz